=LDR 00000nam 2200000 4500 =001 INLIS000000000036281 =005 20180704104030 =035 ##$$a 0010-061300000036281 =008 180704###########################0###### =041 ##$$a Ind =082 ##$$a 741.5 =090 ##$$a 741.5, Sha h =100 ##$$a Shakespeare =245 1#$$a Hamlet, Shakespeare ; alih bahasa, Utami Amesia /$c ; alih bahasa, Utami Amesia =260 ##$$a Jakarta :$b Elex Media Komputindo,$c 2010 =300 ##$$a 207 hlm, ilus, 25 cm =650 ##$$a Komik-bacaan =850 ##$$a NBPNMAT =020 ##$$a 978-979-27-8865-5 =084 ##$$a 741.5 SHA h =710 ##$$a Ariesta, Utami =990 ##$$a 21400613/BPAP-NTB/20142014 =990 ##$$a 0001/BPAP-NTB/20142014 =990 ##$$a 0001/BPAP-NTB/2015 =990 ##$$a 75947594 =990 ##$$a 21100452 =990 ##$$a 21400613/BPAP-NTB/20142014 =990 ##$$a 0001/BPAP-NTB/20142014 =990 ##$$a 0001/BPAP-NTB/2015